[Event "MVP-ch Seniors op 19th"]
[Site "Ostseebad Binz"]
[Date "2019.12.03"]
[Round "7"]
[White "Thiele, Guenter"]
[Black "Krause, Werner"]
[Result "1-0"]
[WhiteElo "1925"]
[BlackElo "1606"]
[PlyCount "65"]
[EventDate "2019.11.27"]
[EventType "swiss"]
[EventRounds "9"]
[EventCountry "GER"]
[SourceTitle "EXT 2021"]
[Source "ChessBase"]
[SourceDate "2020.10.23"]
[SourceVersion "1"]
[SourceVersionDate "2020.10.23"]
[SourceQuality "1"]

1. d4 Nf6 2. g3 d5 3. Bg2 e6 4. Nd2 c5 5. e3 cxd4 6. exd4 Qc7 7. Ne2 Bd6 8. 0-0 Nbd7 9. Nc3 0-0 10. Nb5 Qb6 11. Nxd6 Qxd6 12. Re1 Nb6 13. Nf3 Nfd7 14. Bf4 Qe7 15. Nd2 Nc4 16. b3 Nxd2 17. Qxd2 Qd8 18. c4 dxc4 19. bxc4 Nb6 20. Qd3 Re8 21. Re3 f6 22. Be4 f5 23. Bg2 g5 24. Be5 Kf7 25. g4 Kg6 26. Rg3 Nd7 27. gxf5+ exf5 28. Bf4 h6 29. h4 Qa5 30. hxg5 Re1+ 31. Rxe1 Qxe1+ 32. Kh2 h5 33. Qe3 1-0

[Event "MVP-ch Seniors op 16th"]
[Site "Binz"]
[Date "2016.11.24"]
[Round "2.51"]
[White "Thiele, Guenter"]
[Black "Rehder, Andrea"]
[Result "1-0"]
[WhiteElo "2027"]
[BlackElo "1714"]
[PlyCount "99"]
[EventDate "2016.11.23"]
[EventType "swiss"]
[EventRounds "9"]
[EventCountry "GER"]
[SourceTitle "EXT 2018"]
[Source "ChessBase"]
[SourceDate "2017.10.13"]
[SourceVersion "1"]
[SourceVersionDate "2017.10.13"]
[SourceQuality "1"]

1. d4 Nf6 2. c4 d5 3. cxd5 Nxd5 4. e4 Nf6 5. Nc3 g6 6. Bc4 Bg7 7. Nge2 0-0 8. 0-0 b6 9. f3 Bb7 10. Be3 Nc6 11. a3 Re8 12. Rc1 e5 13. d5 Ne7 14. Qb3 Rf8 15. Rfd1 Ne8 16. Rc2 Nd6 17. Bg5 f6 18. Bh4 Kh8 19. Nb5 Nxb5 20. Bxb5 c6 21. Bc4 cxd5 22. Bxd5 Nxd5 23. Nc3 Rc8 24. Nxd5 Bxd5 25. Rxd5 Qe7 26. Qd3 Rxc2 27. Qxc2 Rd8 28. Qd1 Rxd5 29. Qxd5 Qc5+ 30. Qxc5 bxc5 31. b3 Kg8 32. Bf2 Bf8 33. Kf1 Kf7 34. Ke2 Ke6 35. Kd3 Kd6 36. Kc4 Kc6 37. Bh4 Be7 38. Bf2 Bd6 39. g4 Be7 40. Be3 g5 41. Bd2 Bd8 42. Bc3 Be7 43. Ba5 h6 44. h3 a6 45. a4 Kd6 46. b4 Kc6 47. b5+ axb5+ 48. axb5+ Kb7 49. Kd5 Kc8 50. Bb6 1-0

[Event "MVP-ch Seniors op 15th"]
[Site "Binz"]
[Date "2015.11.30"]
[Round "7.9"]
[White "Thiele, Guenter"]
[Black "Rahls, Peter"]
[Result "1-0"]
[WhiteElo "1877"]
[BlackElo "2121"]
[PlyCount "147"]
[EventDate "2015.11.24"]
[EventType "swiss"]
[EventRounds "9"]
[EventCountry "GER"]
[SourceTitle "EXT 2017"]
[Source "ChessBase"]
[SourceDate "2016.10.25"]
[SourceVersion "1"]
[SourceVersionDate "2016.10.25"]
[SourceQuality "1"]

1. d4 d5 2. Nf3 Nf6 3. c3 e6 4. Bg5 Nbd7 5. Nbd2 h6 6. Bh4 c5 7. e3 c4 8. Qc2 Be7 9. e4 dxe4 10. Nxe4 b5 11. Be2 Bb7 12. Nfd2 0-0 13. Bf3 Nxe4 14. Bxe7 Qxe7 15. Bxe4 Nf6 16. Bxb7 Qxb7 17. 0-0 Rfc8 18. f4 a5 19. f5 Ra6 20. Rae1 Qd7 21. Ne4 Nxe4 22. Qxe4 exf5 23. Qxf5 Qxf5 24. Rxf5 Rb6 25. Re7 Rf8 26. Rc5 g6 27. Ra7 a4 28. Re5 Kg7 29. a3 Rfb8 30. h3 g5 31. g4 Kg6 32. Kg2 Rf6 33. Rc7 Rfb6 34. Rf5 f6 35. Rd5 R8b7 36. Rxb7 Rxb7 37. Rc5 h5 38. Kg3 Re7 39. Rxb5 Re3+ 40. Kg2 h4 41. Rf5 Rg3+ 42. Kh2 Kf7 43. Rf2 Re3 44. Kg2 Ke6 45. Rf5 Rg3+ 46. Kh2 Rd3 47. Kg2 Ke7 48. Rf2 Ke6 49. Rf5 Rd1 50. Rf2 Rb1 51. Re2+ Kd5 52. Kf2 Rd1 53. Re1 Rd3 54. Re3 Rd1 55. Re1 Rd3 56. Re3 Rxe3 57. Kxe3 Kd6 58. Ke4 Ke6 59. d5+ Kd6 60. Kf5 Kxd5 61. Kxf6 Ke4 62. Kxg5 Kd3 63. Kxh4 Kc2 64. g5 Kxb2 65. g6 Kxa3 66. g7 Kb3 67. g8Q a3 68. Qg1 Kb2 69. Qf2+ Kb1 70. Qe1+ Kb2 71. Qd2+ Kb1 72. Qe2 a2 73. Qxc4 a1Q 74. Qf1+ 1-0

[Event "MVP-ch Seniors op 14th"]
[Site "Binz"]
[Date "2014.11.27"]
[Round "3"]
[White "Thiele, Guenter"]
[Black "Neese, Hans Joachim"]
[Result "0-1"]
[WhiteElo "1878"]
[BlackElo "2088"]
[PlyCount "102"]
[EventDate "2014.11.25"]
[EventType "swiss"]
[EventRounds "9"]
[EventCountry "GER"]
[SourceTitle "EXT 2016"]
[Source "ChessBase"]
[SourceDate "2015.10.08"]
[SourceVersion "1"]
[SourceVersionDate "2015.10.08"]
[SourceQuality "1"]

1. d4 Nf6 2. Nf3 e6 3. Bg5 h6 4. Bxf6 Qxf6 5. e4 c5 6. e5 Qd8 7. c3 d5 8. Nbd2 Nc6 9. Qc2 Bd7 10. Bb5 Nxe5 11. Bxd7+ Nxd7 12. 0-0 Rc8 13. Qa4 a6 14. Ne5 Bd6 15. f4 Bxe5 16. fxe5 0-0 17. Rae1 cxd4 18. cxd4 Rc6 19. Re3 f6 20. exf6 Rxf6 21. Nf3 Qc7 22. Qb4 Nf8 23. a4 Ng6 24. Rfe1 Rc1 25. Qb3 Rxe1+ 26. Rxe1 Qc6 27. a5 Qc7 28. Re3 Nf4 29. g3 Nh3+ 30. Kg2 Ng5 31. Rc3 Rxf3 32. Rxf3 Nxf3 33. Kxf3 Qxa5 34. Qxb7 Qe1 35. Qxa6 Qe4+ 36. Kf2 Qxd4+ 37. Kf3 Qe4+ 38. Kf2 d4 39. Qc8+ Kh7 40. Qc1 e5 41. b4 Qf5+ 42. Ke1 Qe4+ 43. Kf2 Qd3 44. Qc5 Qe3+ 45. Kf1 Qf3+ 46. Ke1 Qh1+ 47. Kf2 Qxh2+ 48. Kf3 Qh5+ 49. Ke4 Qe2+ 50. Kf5 d3 51. Qc6 Qh5+ 0-1

[Event "MVP-ch Seniors op 14th"]
[Site "Binz"]
[Date "2014.11.25"]
[Round "1"]
[White "Thiele, Guenter"]
[Black "Schwarzwald, Holger"]
[Result "1-0"]
[WhiteElo "1878"]
[BlackElo "1515"]
[PlyCount "57"]
[EventDate "2014.11.25"]
[EventType "swiss"]
[EventRounds "9"]
[EventCountry "GER"]
[SourceTitle "EXT 2016"]
[Source "ChessBase"]
[SourceDate "2015.10.08"]
[SourceVersion "1"]
[SourceVersionDate "2015.10.08"]
[SourceQuality "1"]

1. d4 d5 2. Nf3 e6 3. c4 Nf6 4. Nc3 Be7 5. Bf4 Nh5 6. Bd2 0-0 7. e3 Nf6 8. Qc2 b6 9. Rc1 c5 10. Bd3 h6 11. dxc5 bxc5 12. 0-0 Bb7 13. Rfd1 dxc4 14. Bxc4 Bxf3 15. gxf3 Nbd7 16. Be2 Qb8 17. Ne4 Nxe4 18. fxe4 Nf6 19. Bc3 Nh7 20. f4 Qb6 21. Bc4 Rfd8 22. Qg2 Nf6 23. f5 exf5 24. exf5 Rac8 25. Qg6 Rf8 26. Rd7 Kh8 27. Bxf7 Rc6 28. Rxe7 Ne8 29. Be6 1-0

[Event "Brandenburg-ch Seniors 18th"]
[Site "Rowy"]
[Date "2009.06.27"]
[Round "6"]
[White "Thiele, Guenter"]
[Black "Schmidt, Hans Juergen"]
[Result "1/2-1/2"]
[WhiteElo "1888"]
[BlackElo "1816"]
[PlyCount "45"]
[EventDate "2009.06.22"]
[EventType "swiss"]
[EventRounds "9"]
[EventCountry "POL"]
[SourceTitle "EXT 2022"]
[Source "ChessBase"]
[SourceDate "2021.10.06"]
[SourceVersion "1"]
[SourceVersionDate "2021.10.06"]
[SourceQuality "1"]

1. d4 d5 2. c4 c6 3. Nc3 Nf6 4. Bg5 e6 5. e3 Be7 6. a3 0-0 7. Nf3 Nbd7 8. Be2 h6 9. Bxf6 Bxf6 10. 0-0 a6 11. b4 dxc4 12. Bxc4 Qe7 13. Ne4 Rd8 14. Qb3 Nb6 15. Nxf6+ Qxf6 16. Ne5 Nxc4 17. Qxc4 Bd7 18. Rac1 Qe7 19. Qb3 Be8 20. Qc3 f6 21. Nc4 Qc7 22. f4 Bf7 23. Nd2 1/2-1/2

[Event "Brandenburg-ch Seniors 18th"]
[Site "Rowy"]
[Date "2009.06.22"]
[Round "1"]
[White "Petrykowski, Reinhardt"]
[Black "Thiele, Guenter"]
[Result "1/2-1/2"]
[WhiteElo "1696"]
[BlackElo "1888"]
[PlyCount "47"]
[EventDate "2009.06.22"]
[EventType "swiss"]
[EventRounds "9"]
[EventCountry "POL"]
[SourceTitle "EXT 2022"]
[Source "ChessBase"]
[SourceDate "2021.10.06"]
[SourceVersion "1"]
[SourceVersionDate "2021.10.06"]
[SourceQuality "1"]

1. e4 c5 2. Nf3 d6 3. d4 cxd4 4. Nxd4 Nf6 5. Nc3 e5 6. Nb3 Be7 7. Be2 Be6 8. Be3 0-0 9. 0-0 Nbd7 10. Qd2 Nc5 11. f3 a6 12. Nd5 Nxd5 13. exd5 Nxb3 14. axb3 Bd7 15. c4 f5 16. b4 Rc8 17. Rac1 Rf6 18. c5 Qe8 19. f4 e4 20. Bd4 Rf8 21. Rc2 Bb5 22. b3 Bxe2 23. Qxe2 Bf6 24. Qe3 1/2-1/2